000 00569nam a2200217Ia 4500
003 OSt
005 20220926045222.0
006 a|||||r|||| 00| 0
007 ta
008 220923b |||||||| |||| 00| 0 eng d
037 _cGeneral Book
040 _aRTL
_cRTL
_beng
041 _2eng
_aeng
082 _aX71.212
110 _aKerala, Finance Department
_9349934
245 0 _aKerala budget in brief
_b 1968-69
300 _a318p.
_ccm.
700 _aKerala, Finance Department
_9349935
942 _hX71.212
_cGB
_2CC
999 _c676979
_d676979